La construcción de la libertad / (Registro nro. 63083)

Detalles MARC
000 -LEADER
campo de control de longitud fija 01939cam a22003134i 4500
003 - IDENTIFICADOR DE NÚMERO DE CONTROL
campo de control PE-LiUPU
005 - FECHA Y HORA DE LA ÚLTIMA TRANSACCIÓN
campo de control 20251002170014.0
008 - DATOS DE LONGITUD FIJA--INFORMACIÓN GENERAL
campo de control de longitud fija 202101s2021 sp a rb 000 0 spa d
020 ## - NÚMERO INTERNACIONAL ESTÁNDAR DEL LIBRO
Número Internacional Estándar del Libro 9788420683171
035 ## - NÚMERO DE CONTROL DEL SISTEMA
Número de control de sistema PE-LiUPU20251007
040 ## - FUENTE DE CATALOGACIÓN
Centro catalogador/agencia de origen PE-LiUPU
Lengua de catalogación spa
Centro/agencia transcriptor PE-LiUPU
Normas de descripción rda
082 04 - NÚMERO DE LA CLASIFICACIÓN DECIMAL DEWEY
Número de clasificación 343.28
Cutter B641o
Número de edición 23
100 1# - ENTRADA PRINCIPAL--NOMBRE DE PERSONA
Nombre de persona Blanco Valdés, Roberto L.,
Término indicativo de función/relación autor.
9 (RLIN) 7045
245 14 - MENCIÓN DEL TÍTULO
Título La construcción de la libertad /
Mención de responsabilidad, etc. por Roberto L. Blanco Valdés.
250 ## - MENCION DE EDICION
Mención de edición Segunda edición.
264 #1 - PRODUCCIÓN, PUBLICACIÓN, DISTRIBUCIÓN, FABRICACIÓN Y COPYRIGHT
Producción, publicación, distribución, fabricación y copyright Madrid :
Nombre del de productor, editor, distribuidor, fabricante Alianza Editorial,
Fecha de producción, publicación, distribución, fabricación o copyright 2021.
300 ## - DESCRIPCIÓN FÍSICA
Extensión 385 páginas :
Otras características físicas ilustraciones ;
Dimensiones 24 cm
336 ## - TIPO DE CONTENIDO
Término de tipo de contenido text
Fuente rdacontent
337 ## - TIPO DE MEDIO
Nombre/término del tipo de medio unmediated
Fuente rdamedia
338 ## - TIPO DE SOPORTE
Nombre/término del tipo de soporte volume
Fuente rdacarrier
504 ## - NOTA DE BIBLIOGRAFÍA, ETC.
Nota de bibliografía, etc. Incluye notas bibliográficas: páginas 351-367.
505 0# - NOTA DE CONTENIDO CON FORMATO
Nota de contenido con formato Presentación -- Introducción: Tres ideas sobre la libertad -- La constitución social de la Europa prerrevolucionaria -- El nuevo orden liberal -- Estado social y punto de partida: Europa versus Norteamérica -- La constitución, El gran hallazgo de la revolución -- El valor originario de las Constituciones en Europa: política y derecho -- El Estado representativo: Un soberano sin rostro para un pueblo imaginario -- Luchas por los derechos, luto por los derechos -- El rey frente al parlamento y el parlamento frente al pueblo -- La libertad y sus enemigos -- El triunfo del programa constitucional: La democracia en Europa -- Epílogo: Las grandes etapas del constitucionalismo europeo -- Notas.
650 24 - PUNTO DE ACCESO ADICIONAL DE MATERIA--TÉRMINO DE MATERIA
Término de materia o nombre geográfico como elemento de entrada Constitucionalismo
651 17 - PUNTO DE ACCESO ADICIONAL DE MATERIA--NOMBRE GEOGRÁFICO
Nombre geográfico Europa
Subdivisión general Historia constitucional.
9 (RLIN) 7085
Fuente del encabezamiento o término embne
856 40 - LOCALIZACIÓN Y ACCESO ELECTRÓNICOS
Identificador Uniforme de Recursos <a href="https://www.alianzaeditorial.es/libro/libros-singulares-ls/la-construccion-de-la-libertad-blanco-valdes-roberto-l_9788420683171">https://www.alianzaeditorial.es/libro/libros-singulares-ls/la-construccion-de-la-libertad-blanco-valdes-roberto-l_9788420683171</a>
Nota pública Acceso en línea (editorial).
942 ## - ELEMENTOS DE ENTRADA SECUNDARIOS (KOHA)
Fuente del sistema de clasificación o colocación Clasificación Decimal Dewey
Tipo de ítem Koha Libros físicos
980 ## - EQUIVALENCIA O REFERENCIA-CRUZADA-MENCIÓN DE SERIE--NOMBRE DE PERSONA/TÍTULO [LOCAL, CANADÁ]
ID del usuario creador del registro 21515
Nombre del creador del registro ROMINA COBOS Adquisiciones
ID del último usuario que modificó el registro 18226
Nombre del último usuario que modificó el registro Jaime Vilcazán Jefe de Análisis Documental
Existencias
Visto por última vez Total de préstamos Signatura topográfica completa Código de barras Copia número Coste, precio de reemplazo Fecha de reemplazo Facultad Tipo de ítem Koha Estado de pérdida Fuente del sistema de clasificación o colocación Restricciones de uso No para préstamo Colección Programa académico Biblioteca de origen Biblioteca actual Ubicación en estantería Fecha de adquisición Fuente de adquisición Coste, precio normal de compra
2025-12-02   343.28 B641o 82787 e1 35.00 2025-10-02 FACIHED Libros físicos No Perdido Clasificación Decimal Dewey No restringido Disponible para préstamos Colección General Derecho presencial Biblioteca CRAI UPeU Lima Biblioteca CRAI UPeU Lima Sala principal 2025-10-01 COMPRA 30.00
2025-12-02   343.28 B641o 82788 e2 35.00 2025-10-02 FACIHED Libros físicos No Perdido Clasificación Decimal Dewey No restringido Disponible para préstamos Colección General Derecho presencial Biblioteca CRAI UPeU Lima Biblioteca CRAI UPeU Lima Sala principal 2025-10-01 COMPRA 30.00